| 000 | 00399nam a22001697a 4500 | ||
|---|---|---|---|
| 005 | 20160628140214.0 | ||
| 008 | 160628b xxu||||| |||| 00| 0 eng d | ||
| 020 | _a81-7446-145-0 | ||
| 041 | _aeng | ||
| 082 | _b10921 | ||
| 100 |
_aSuri, G.K. and others _93048 |
||
| 245 | _aBusiness led HR Strategics | ||
| 260 |
_bExcel Books _c1998 |
||
| 300 | _a175 | ||
| 650 |
_aManagement _9241 |
||
| 942 | _cBK | ||
| 999 |
_c4422 _d4421 |
||